000 00302nam a22001337a 4500
008 170407b xxu||||| |||| 00| 0 eng d
020 _a9780781770576
041 _aeng
080 _211TH
_a611.018
100 _a9
101 _aSHM
245 _aATLAS OF HISTOLOGY
_cEROSCHENKO, V.P
942 _2udc
_cBK
999 _c10078
_d10078